[Event "EU-ch Blitz"]
[Site "Katowice"]
[Date "2022.12.16"]
[Round "1"]
[White "Subelj, Jan"]
[Black "Zurawicki, Jakub"]
[Result "1-0"]
[WhiteElo "2492"]
[BlackElo "1655"]
[PlyCount "46"]
[EventDate "2022.12.16"]
[EventType "swiss (blitz)"]
[EventRounds "22"]
[EventCountry "POL"]
[SourceTitle "CBM 211 Extra"]
[Source "ChessBase"]
[SourceDate "2023.01.31"]
[SourceVersion "1"]
[SourceVersionDate "2023.01.31"]
[SourceQuality "1"]

1. e4 c5 2. Nf3 Nc6 3. Bb5 Qc7 4. Nc3 e6 5. Bxc6 Qxc6 6. d4 d6 7. 0-0 Nf6 8. d5 Qc7 9. Bg5 Be7 10. Bxf6 Bxf6 11. dxe6 Bxe6 12. Nb5 Qb6 13. Nxd6+ Kf8 14. e5 Be7 15. Qd2 Bxd6 16. exd6 Rd8 17. Rfd1 Bg4 18. Qf4 Bxf3 19. Qxf3 Qxb2 20. Rab1 Qxa2 21. Rxb7 Qe6 22. Re7 Qf6 23. Rxa7 g6 1-0

[Event "Bohumin op 1st"]
[Site "Bohumin"]
[Date "2018.05.20"]
[Round "1"]
[White "Weinzettl, Ernst"]
[Black "Zurawicki, Jakub"]
[Result "1-0"]
[WhiteElo "2215"]
[BlackElo "1535"]
[PlyCount "75"]
[EventDate "2018.05.20"]
[EventType "swiss"]
[EventRounds "8"]
[EventCountry "CZE"]
[SourceTitle "CBM 184 Extra"]
[Source "ChessBase"]
[SourceDate "2018.06.28"]
[SourceVersion "1"]
[SourceVersionDate "2018.06.28"]
[SourceQuality "1"]

1. e4 e5 2. Nc3 Nc6 3. Nf3 d6 4. d4 exd4 5. Nxd4 Bd7 6. Be3 Be7 7. Qd2 Bf6 8. Nd5 Bxd4 9. Bxd4 Nxd4 10. Qxd4 f6 11. Be2 Ne7 12. Bh5+ Kf8 13. Nxf6 Nc6 14. Nxd7+ Qxd7 15. Qc3 Qe7 16. 0-0 Qxe4 17. Qb3 Ne5 18. Rae1 Qf5 19. Qxb7 Rc8 20. f4 Nc4 21. Qxc7 Qc5+ 22. Qxc5 dxc5 23. f5 Nxb2 24. Rf4 Rg8 25. Rb1 Rb8 26. Rc4 g6 27. fxg6 hxg6 28. Bf3 Rb5 29. a4 Rb6 30. Rxc5 Nxa4 31. Rc8+ Kg7 32. Rc7+ Kh6 33. Ra1 Ra6 34. Bb7 Ra5 35. Bc6 Rc5 36. Rxa4 Rxc2 37. Raxa7 Rb8 38. h4 1-0

[Event "Orlova op 14th"]
[Site "Orlova"]
[Date "2017.05.28"]
[Round "9"]
[White "Zurawicki, Jakub"]
[Black "Sramek, Ondrej"]
[Result "0-1"]
[WhiteElo "1249"]
[BlackElo "1979"]
[PlyCount "40"]
[EventDate "2017.05.20"]
[EventType "swiss"]
[EventRounds "9"]
[EventCountry "CZE"]
[SourceTitle "CBM 178 Extra"]
[Source "ChessBase"]
[SourceDate "2017.06.22"]
[SourceVersion "1"]
[SourceVersionDate "2017.06.22"]
[SourceQuality "1"]

1. b4 e5 2. c3 d5 3. e3 Nf6 4. d4 Nbd7 5. Nd2 Bd6 6. Bb2 0-0 7. Ne2 c6 8. dxe5 Nxe5 9. Ng3 Re8 10. Be2 Qe7 11. a3 h5 12. Nf3 Neg4 13. Qc1 Ne4 14. Rf1 h4 15. Nxe4 dxe4 16. Nd4 Nxh2 17. Rh1 Qg5 18. Bf1 Ng4 19. Qc2 Qf6 20. c4 Be5 0-1

[Event "Orlova op 14th"]
[Site "Orlova"]
[Date "2017.05.21"]
[Round "2"]
[White "Sebesta, Petr"]
[Black "Zurawicki, Jakub"]
[Result "1-0"]
[WhiteElo "1731"]
[BlackElo "1249"]
[PlyCount "121"]
[EventDate "2017.05.20"]
[EventType "swiss"]
[EventRounds "9"]
[EventCountry "CZE"]
[SourceTitle "CBM 178 Extra"]
[Source "ChessBase"]
[SourceDate "2017.06.22"]
[SourceVersion "1"]
[SourceVersionDate "2017.06.22"]
[SourceQuality "1"]

1. b4 a5 2. b5 e5 3. Bb2 d6 4. e3 Nf6 5. Nf3 Be7 6. c4 Bf5 7. Be2 0-0 8. 0-0 Nbd7 9. Nc3 b6 10. d4 exd4 11. Nxd4 Bg6 12. Bf3 Rc8 13. Bb7 Ne5 14. Bxc8 Qxc8 15. Nd5 Nxd5 16. cxd5 Qa8 17. Nc6 Nxc6 18. dxc6 Qc8 19. f3 Qe6 20. e4 Rd8 21. Qd5 h6 22. Rad1 Qxd5 23. Rxd5 f6 24. a4 Bf7 25. Rd2 Re8 26. g3 Bg6 27. Bd4 Bf7 28. Kf2 Bb3 29. Ra1 d5 30. exd5 Bb4 31. Re2 Rxe2+ 32. Kxe2 Bxd5 33. Be3 Bd6 34. Bf4 Bxf4 35. gxf4 Kf7 36. Rd1 Ke6 37. Ke3 g5 38. Rd4 Kd6 39. fxg5 hxg5 40. f4 Ke6 41. fxg5 fxg5 42. h4 gxh4 43. Rxh4 Kd6 44. Kd4 Be6 45. Rh6 Ke7 46. Ke5 Bb3 47. Rh7+ Kf8 48. Kf6 Kg8 49. Rxc7 Bxa4 50. Rb7 Bxb5 51. c7 Bd7 52. Rb8+ Kh7 53. c8Q Bxc8 54. Rxc8 a4 55. Rb8 a3 56. Rxb6 a2 57. Ra6 a1Q+ 58. Rxa1 Kg8 59. Ra7 Kh8 60. Kg6 Kg8 61. Ra8# 1-0

[Event "Orlova op-A 12th"]
[Site "Orlova"]
[Date "2015.05.31"]
[Round "9"]
[White "Zurawicki, Jakub"]
[Black "Kubiniok, Stanislaw"]
[Result "1-0"]
[WhiteElo "1138"]
[BlackElo "1436"]
[PlyCount "111"]
[EventDate "2015.05.24"]
[EventType "swiss"]
[EventRounds "9"]
[EventCountry "CZE"]
[SourceTitle "CBM 166 Extra"]
[Source "ChessBase"]
[SourceDate "2015.06.18"]
[SourceVersion "1"]
[SourceVersionDate "2015.06.18"]
[SourceQuality "1"]

1. d4 Nf6 2. c4 d6 3. Nc3 Nbd7 4. Nf3 b6 5. Bg5 Bb7 6. d5 h6 7. Bxf6 Nxf6 8. g3 g6 9. Bg2 Bg7 10. 0-0 0-0 11. Qc2 c6 12. e4 cxd5 13. cxd5 Rc8 14. Qb3 Rc7 15. Rfe1 Nd7 16. Rac1 Nc5 17. Qd1 Ba6 18. Bf1 Bxf1 19. Kxf1 Qd7 20. Qe2 Rfc8 21. Rc2 Na4 22. Rec1 Nxc3 23. bxc3 Rxc3 24. Rxc3 Rxc3 25. Rxc3 Bxc3 26. Qc4 Bf6 27. Qc6 Qg4 28. Ne1 Qxe4 29. Qa8+ Kg7 30. Qxa7 Qxd5 31. Qxb6 Qxa2 32. Qe3 d5 33. Nf3 Qc4+ 34. Kg2 d4 35. Qd2 e5 36. Kg1 e4 37. Ne1 Bg5 38. Qd1 Qc1 39. Qxd4+ Bf6 40. Qxe4 Bc3 41. Kf1 Qd2 42. Qe2 Qd5 43. Qf3 Qe6 44. Qxc3+ Qf6 45. Qxf6+ Kxf6 46. Ke2 Ke5 47. Kf3 f5 48. Ke3 g5 49. Nf3+ Kd5 50. h4 g4 51. Nd4 Ke5 52. Nc6+ Kd6 53. Kf4 Kxc6 54. Kxf5 Kd6 55. Kxg4 Ke6 56. Kh5 1-0

[Event "Orlova op-A 12th"]
[Site "Orlova"]
[Date "2015.05.30"]
[Round "7"]
[White "Zurawicki, Jakub"]
[Black "Horvath, Tomas"]
[Result "0-1"]
[WhiteElo "1138"]
[BlackElo "1915"]
[PlyCount "122"]
[EventDate "2015.05.24"]
[EventType "swiss"]
[EventRounds "9"]
[EventCountry "CZE"]
[SourceTitle "CBM 166 Extra"]
[Source "ChessBase"]
[SourceDate "2015.06.18"]
[SourceVersion "1"]
[SourceVersionDate "2015.06.18"]
[SourceQuality "1"]

1. d4 f5 2. c4 Nf6 3. Nc3 g6 4. Bg5 Bg7 5. g3 0-0 6. Bg2 d6 7. e3 Nbd7 8. Bxf6 Nxf6 9. Nge2 c6 10. 0-0 Qc7 11. Qb3 Kh8 12. h4 e5 13. d5 Bd7 14. Rac1 Rab8 15. Rfd1 Rfd8 16. a3 c5 17. a4 a6 18. Bh3 Qa5 19. Qa2 b5 20. axb5 Qxa2 21. Nxa2 axb5 22. b3 Ra8 23. Rc2 Ra3 24. Rb1 Rda8 25. Nac1 Rb8 26. Rbb2 e4 27. Ra2 Rxa2 28. Rxa2 bxc4 29. bxc4 Rb4 30. Ra8+ Be8 31. g4 fxg4 32. Bxg4 Kg8 33. Rd8 Bf8 34. Be6+ Kg7 35. Ra8 Rxc4 36. Ra7+ Kh6 37. Kg2 Ra4 38. Rxa4 Bxa4 39. Nc3 Bc2 40. Kg3 g5 41. hxg5+ Kxg5 42. N1e2 Nh5+ 43. Kh3 Bg7 44. Nb5 Be5 45. Nec3 Bxc3 46. Nxc3 Kf6 47. Kg4 Ng7 48. Bg8 Ke5 49. Bxh7 Ne8 50. Kg3 Nf6 51. Bg6 Nxd5 52. Nxd5 Kxd5 53. Kf4 c4 54. f3 exf3 55. Bxc2 f2 56. Be4+ Kc5 57. Bg2 c3 58. Kf3 c2 59. Kxf2 c1Q 60. e4 Kd4 61. Kg3 Ke3 0-1

[Event "Orlova op-A 12th"]
[Site "Orlova"]
[Date "2015.05.24"]
[Round "1"]
[White "Zurawicki, Jakub"]
[Black "Sramek, Ondrej"]
[Result "0-1"]
[WhiteElo "1138"]
[BlackElo "1847"]
[PlyCount "56"]
[EventDate "2015.05.24"]
[EventType "swiss"]
[EventRounds "9"]
[EventCountry "CZE"]
[SourceTitle "CBM 166 Extra"]
[Source "ChessBase"]
[SourceDate "2015.06.18"]
[SourceVersion "1"]
[SourceVersionDate "2015.06.18"]
[SourceQuality "1"]

1. d4 Nf6 2. c4 c5 3. d5 b5 4. b3 g6 5. Bb2 Bg7 6. Nf3 0-0 7. e3 d6 8. Be2 Qb6 9. cxb5 a6 10. bxa6 Nxa6 11. 0-0 Nb4 12. a4 Bf5 13. Na3 Nbxd5 14. Nc4 Qb7 15. a5 Rfb8 16. Nfd2 Nb4 17. Bf3 d5 18. Bc3 Bd3 19. Nb6 Rxa5 20. Rxa5 Qxb6 21. Bxb4 Bxf1 22. Kxf1 Qxb4 23. Ra4 Qb5+ 24. Be2 Qc6 25. Ra3 Qb6 26. g3 c4 27. Nb1 Ne4 28. f3 Nc3 0-1